Countries of the World in Their Native Language - Statistics

General Stats
  • This quiz has been taken 83 times
    63 since last reset
  • The average score is 157 of 196
Answer Stats
Hint Answer % Correct
افغانستان (Afghanestan) Afghanistan
100%
بروني (Brunei) Brunei
98%
Indonesia Indonesia
98%
မြန်မာ (Myanma) Burma
95%
ایران (Īrān) Iran
95%
العراق (Al-'Iraq) Iraq
95%
ישראל (yisrael) Israel
95%
Andorra Andorra
93%
Azərbaycan Azerbaijan
93%
Timor Lorosa'e (Timor-Leste) East Timor
93%
नेपाल (Nepāl) Nepal
93%
پاکستان (Pākistān) Pakistan
93%
Türkiye Turkey
93%
Österreich Austria
90%
Беларусь (Bielaruś) Belarus
90%
België / Belgique / Belgien Belgium
90%
Burundi Burundi
90%
Cabo Verde Cape Verde
90%
Danmark Denmark
90%
France France
90%
Deutschland Germany
90%
Ísland Iceland
90%
ປະເທດລາວ (Lao) Laos
90%
Malaysia Malaysia
90%
Pilipinas Philippines
90%
قطر (Al-Qatar) Qatar
90%
ශ්‍රී ලංකාව (Sri Lankā) Sri Lanka
90%
Türkmenistan Turkmenistan
90%
Việt Nam Vietnam
90%
Cameroun Cameroon
88%
République Centrafricaine / Ködörösêse tî Bêafrîka Central African Republic
88%
Côte d'Ivoire Côte d'Ivoire
88%
Česká Republika Czech Republic
88%
République démocratique du Congo Democratic Republic of the Congo
88%
Gabon Gabon
88%
Ghana Ghana
88%
Italia Italy
88%
Kenya Kenya
88%
Lesotho Lesotho
88%
Liberia Liberia
88%
Madagasikara Madagascar
88%
Mali Mali
88%
Монгол Улс (Mongol Uls) Mongolia
88%
Namibia Namibia
88%
Niger Niger
88%
Nigeria Nigeria
88%
République du Congo Republic of the Congo
88%
Rwanda Rwanda
88%
Sénégal Senegal
88%
Singapura Singapore
88%
Soomaaliya / الصومال (aş-Şūmāl) Somalia
88%
South Africa / Suid-Afrika South Africa
88%
South Sudan South Sudan
88%
Tanzania Tanzania
88%
The Gambia The Gambia
88%
Togo Togo
88%
Zambia Zambia
88%
Zimbabwe Zimbabwe
88%
Angola Angola
85%
Antigua and Barbuda Antigua and Barbuda
85%
Argentina Argentina
85%
Barbados Barbados
85%
Belize Belize
85%
Bénin Benin
85%
Brasil Brazil
85%
Canada Canada
85%
Chile Chile
85%
Colombia Colombia
85%
Costa Rica Costa Rica
85%
Cuba Cuba
85%
Kıbrıs / Kypros Cyprus
85%
Dominica Dominica
85%
Ecuador Ecuador
85%
El Salvador El Salvador
85%
Suomi Finland
85%
Guinée / Gine Guinea
85%
Éire Ireland
85%
Latvija Latvia
85%
Liechtenstein Liechtenstein
85%
Lëtzebuerg / Luxemburg / Luxembourg Luxembourg
85%
Malawi Malawi
85%
Malta Malta
85%
Moldova Moldova
85%
Moçambique Mozambique
85%
Norge / Noreg Norway
85%
Polska Poland
85%
São Tomé e Príncipe São Tome and Príncipe
85%
Sierra Leone Sierra Leone
85%
السودان (As-Sudan) Sudan
85%
Swaziland Swaziland
85%
เมืองไทย, ประเทศไทย (Mueang Thai) Thailand
85%
The Bahamas The Bahamas
85%
Uganda Uganda
85%
Ўзбекистон (O'zbekiston) Uzbekistan
85%
اليمن (Al-Yaman) Yemen
85%
Botswana Botswana
83%
Burkina Faso Burkina Faso
83%
Tchad / Tšād (تشاد) Chad
83%
Komori / جزر القمر (Juzur al-Qamar) / Comores Comoros
83%
República Dominicana Dominican Republic
83%
Ελλάς (Hellas) Greece
83%
Grenada Grenada
83%
Guiné-Bissau Guinea-Bissau
83%
日本 (Nihon) Japan
83%
Косово Kosovo
83%
دولة الكويت (Sawlat Al-Kuwayt) Kuwait
83%
ليبيا (Lībiyā) Libya
83%
Monaco Monaco
83%
Nederland / Nederlân Netherlands
83%
Portugal Portugal
83%
România Romania
83%
San Marino San Marino
83%
المملكة العربية السعودية (Al-Mamlaka Al-'Arabiyyah as Sa'ūdiyyah) Saudi Arabia
83%
Slovenija Slovenia
83%
España / Espanya Spain
83%
Тоҷикистон (Tojikistan) Tajikistan
83%
تونس (Tūns) / Tunes Tunisia
83%
United Kingdom United Kingdom
83%
Città del Vaticano Vatican City
83%
Al-Baḥrayn Bahrain
80%
Guinea Ecuatorial Equatorial Guinea
80%
Guatemala Guatemala
80%
Guyana Guyana
80%
Haïti / Ayiti Haiti
80%
Schweiz / Suisse/ Svizzera / Svizra Switzerland
80%
Jībūtī (جيبوتي) Djibouti
78%
Eesti Estonia
78%
Honduras Honduras
78%
Magyarország Hungary
78%
Jamaica Jamaica
78%
Қазақстан Kazakhstan
78%
México / Mēxihco Mexico
78%
عُمان ('Umān) Oman
78%
Slovensko Slovakia
78%
Sverige Sweden
78%
Kiribati Kiribati
76%
لبنان (Lubnān) Lebanon
76%
Lietuva Lithuania
76%
Muritan / Agawec Mauritania
76%
Nicaragua Nicaragua
76%
Panamá Panama
76%
Paraguái Paraguay
76%
Peru Peru
76%
Saint Kitts and Nevis St. Kitts and Nevis
76%
Saint Lucia St. Lucia
76%
Suriname Suriname
76%
Trinidad and Tobago Trinidad and Tobago
76%
Australia Australia
73%
កម្ពុជា (Kampuchea) Cambodia
73%
中國 (Zhōngguó) China
73%
ኢትዮጵያ (Ityop'ia) Ethiopia
73%
Marshall Islands Marshall Islands
73%
Россия Russia
73%
Saint Vincent and the Grenadines St. Vincent and the Grenadines
73%
Tonga Tonga
73%
United States United States
73%
República Oriental del Uruguay Uruguay
73%
Hvratska Croatia
71%
إرتريا (Iritriya) / ኤርትራ(Erta) Eritrea
71%
Federated States of Micronesia Federated States of Micronesia
71%
Viti / फ़िजी Fiji
71%
Македонија Macedonia
71%
Maurice Mauritius
71%
Naoero Nauru
71%
Papua Niugini Papua New Guinea
71%
Samoa Samoa
71%
Solomon Aelan Solomon Islands
71%
Tuvalu Tuvalu
71%
Vanuatu Vanuatu
71%
Venezuela Venezuela
71%
Builwya / Wuliwya / Volívia Bolivia
68%
България Bulgaria
68%
Кыргызстан Kyrgyzstan
68%
Босна и Херцеговина Bosnia and Herzegovina
66%
한국 (Hanguk/ Nam-josŏn) South Korea
66%
الجزائر (Al-Jazā'ir) Algeria
63%
Belau Palau
63%
Србија Serbia
63%
سورية (Suriyah) Syria
63%
Україна Ukraine
63%
الإمارات العربيّة المتّحدة (Al-'Imārat Al-'Arabiyyah Al-Muttahidah) United Arab Emirates
63%
Shqipëria Albania
61%
조선 (Chosŏn/ Buk-han) North Korea
61%
中華民國 (Zhōnghuá Mínguó) Taiwan
61%
مصر (Misr) Egypt
59%
Amerruk / Elmeɣrib / المغرب (Al-maɣréb) Morocco
59%
Aotearoa New Zealand
59%
Հայաստան (Hayastán) Armenia
56%
भारत (Bhārat) India
56%
Црна Гора (Crna Gora) Montenegro
56%
འབྲུག་ཡུལ (Druk Yul) Bhutan
51%
বাংলাদেশ Bangladesh
44%
الأردن (Al-'Urdun) Jordan
44%
საქართველო (Sak'art'velo) Georgia
41%
Sesel Seychelles
39%
Dhivehi Raajje Maldives
37%
No matching quizzes found
Score Distribution
Percent of People with Each Score
Percentile by Number Answered
Your Score History
You have not taken this quiz since the last reset